Efecto de la fragmentación de hábitat sobre aves andinas (Registro nro. 4620)
[ vista simple ]
| 000 -CABECERA | |
|---|---|
| Campo de control | 00648nam a2200217 a 4500 |
| 005 - FECHA Y HORA DE LA ULTIMA TRANSACCION | |
| Campo de control | 20160909020002.0 |
| 008 - ELEMENTOS DE LONGITUD FIJA—INFORMACION GENERAL | |
| Campo de control | 140317b2002 ck |||||rm||| 00| 0 spa d |
| 040 ## - FUENTE DE CATALOGACIÓN | |
| Agencia catalogadora original | CO-BoIAVH |
| Agencia transcriptora | CO-BoIAVH |
| 041 ## - IDIOMA | |
| Código de idioma para texto/pista de sonido o título separado | Español |
| 044 ## - PAÍS DE PUBLICACIÓN | |
| País de publicación | Colombia |
| 090 ## - CLASIFICACIÓN LOCAL | |
| Colección | TE |
| Consecutivo | 0140 |
| 100 1# - ASIENTO PRINCIPAL--NOMBRE PERSONAL | |
| Nombre personal | Cuervo Maya, Andrés Mauricio |
| 9 (RLIN) | 75377 |
| 245 10 - MENCION DE TITULO | |
| Título | Efecto de la fragmentación de hábitat sobre aves andinas |
| Parte restante del título | tamaño corporal y asimetría fluctuante |
| 260 ## - PUBLICACION, DISTRIBUCION, ETC. (PIE DE IMPRENTA) | |
| Lugar de publicación, distribución, etc. | Medellín |
| Nombre del editor, distribuidor, etc. | Universidad de Antioquia |
| Fecha de publicación, distribución, etc. | 2002 |
| 300 ## - DESCRIPCION FISICA | |
| Extensión | 40 Paginas |
| 650 14 - ASIENTO SECUNDARIO DE MATERIA - TERMINO TEMATICO | |
| Término temático o nombre geográfico como elemento de entrada | Avifauna |
| 9 (RLIN) | 75378 |
| 650 14 - ASIENTO SECUNDARIO DE MATERIA - TERMINO TEMATICO | |
| Término temático o nombre geográfico como elemento de entrada | Distribucción |
| 9 (RLIN) | 73019 |
| 650 14 - ASIENTO SECUNDARIO DE MATERIA - TERMINO TEMATICO | |
| Término temático o nombre geográfico como elemento de entrada | Muestreo |
| 9 (RLIN) | 17334 |
| 942 ## - ELEMENTOS ADICIONALES (KOHA) | |
| Tipo de ítem | Tesis |
| Sistema de clasificación | Local |
| Koha issues (borrowed), all copies | 1 |
| 945 ## - PROCESAMIENTO LOCAL | |
| AAAA-MM-DD - Fecha de ingreso o modificacion | 2005-06-27 |
| Withdrawn status | Lost status | Sistema de Clasificación | Damaged status | No para préstamo | Colección | Ubicación Permanente | Ubicación actual | Fecha de adquisición | Total Checkouts | Número topográfico | Inventario / Código de Barras | Date last seen | Date checked out | Ejemplar | Price effective from | Forma de adquisición | Tipo de material | Public note |
|---|---|---|---|---|---|---|---|---|---|---|---|---|---|---|---|---|---|---|
| Local | Tesis | Bogotá | Bogotá | 27/06/2005 | 1 | TE-0140 | 019231 | 08/09/2016 | 08/09/2016 | Ej. 1 | 04/12/2012 | Donación | Tesis | Disponible solo para consulta en sala |